00544 2200181 4500001002100000005001500021035002000036245011800056100001800174250001700192300003200209700001200241260003500253082001100288084001700299020002200316650002400338INLIS00000000000090920250317094359 a0010-03250000051 aSeri Pengetahuan ICT Kamus Istilah :bKomputer, Teknologi Informasi, dan Telekomunikasi /cSanyo Saputra; Maryati0 aSanyo Saputra acetakan ke-1 aiv, 92 hlm :bilus ;c29 cm0 aMaryati aJakarta :bGaneca Exact,c2007 a004.03 a004.03 SAN s a978-979-571-402-6 4aTeknologi Informasi